[Event "Gothenburg Kvibergspelen"]
[Site "Gothenburg"]
[Date "2024.09.08"]
[Round "7"]
[White "Kallen, Jonas"]
[Black "Sandberg, Lucas"]
[Result "1-0"]
[WhiteElo "2026"]
[BlackElo "1887"]
[PlyCount "51"]
[EventDate "2024.09.06"]
[EventType "swiss"]
[EventRounds "8"]
[EventCountry "SWE"]
[SourceTitle "EXT 2025"]
[Source "ChessBase"]
[SourceDate "2024.10.14"]
[SourceVersion "1"]
[SourceVersionDate "2024.10.14"]
[SourceQuality "1"]

1. e4 g6 2. d4 Bg7 3. Nf3 d6 4. Bd3 Nf6 5. 0-0 0-0 6. h3 c5 7. c3 Nc6 8. Be3 b6 9. a4 Bb7 10. d5 Nb8 11. c4 Na6 12. Nc3 Nd7 13. Qd2 Ne5 14. Nxe5 Bxe5 15. f4 Bg7 16. f5 Nc7 17. Bg5 Bc8 18. Rf3 Bd7 19. h4 Be8 20. Bh6 f6 21. Rg3 Kh8 22. fxg6 hxg6 23. e5 dxe5 24. Bxg6 Bxg6 25. h5 Rg8 26. hxg6 1-0

[Event "Gothenburg Kvibergspelen"]
[Site "Gothenburg"]
[Date "2024.09.07"]
[Round "6"]
[White "Simpson, Liam"]
[Black "Kallen, Jonas"]
[Result "1/2-1/2"]
[WhiteElo "1881"]
[BlackElo "2026"]
[PlyCount "104"]
[EventDate "2024.09.06"]
[EventType "swiss"]
[EventRounds "8"]
[EventCountry "SWE"]
[SourceTitle "EXT 2025"]
[Source "ChessBase"]
[SourceDate "2024.10.14"]
[SourceVersion "1"]
[SourceVersionDate "2024.10.14"]
[SourceQuality "1"]

1. e4 e5 2. Nf3 Nc6 3. Bb5 Nf6 4. 0-0 Nxe4 5. Re1 Nd6 6. Nxe5 Be7 7. Bxc6 dxc6 8. d4 0-0 9. c4 Nf5 10. Be3 Bf6 11. Nc3 Re8 12. Ne4 Bxe5 13. dxe5 Nxe3 14. Rxe3 Qxd1+ 15. Rxd1 Be6 16. b3 Rad8 17. Rxd8 Rxd8 18. f4 b6 19. Kf2 Rd4 20. Kf3 h5 21. h3 h4 22. Ng5 Bf5 23. e6 fxe6 24. Nxe6 Rd7 25. Ng5 Rd3 26. a3 c5 27. b4 cxb4 28. axb4 a5 29. bxa5 bxa5 30. Ke2 Rxe3+ 31. Kxe3 a4 32. Kd2 a3 33. Kc3 Bd3 34. Nf3 Bxc4 35. Nxh4 Bd5 36. g4 Kf7 37. Nf5 Kf6 38. Nd4 c5 39. Nf5 c4 40. Ne3 Ke6 41. Nc2 a2 42. Kb2 c3+ 43. Kxc3 Bg2 44. h4 Bh3 45. Kb2 Bxg4 46. Ne3 Bh3 47. Kxa2 Kf6 48. Kb2 Kg6 49. Kc3 Kh5 50. Kd4 Kxh4 51. Ke5 g5 52. fxg5 Kxg5 1/2-1/2

[Event "Gothenburg Kvibergspelen"]
[Site "Gothenburg"]
[Date "2024.09.06"]
[Round "3"]
[White "Kallen, Jonas"]
[Black "Kleist, Axel"]
[Result "0-1"]
[WhiteElo "2026"]
[BlackElo "1855"]
[PlyCount "61"]
[EventDate "2024.09.06"]
[EventType "swiss"]
[EventRounds "8"]
[EventCountry "SWE"]
[SourceTitle "EXT 2025"]
[Source "ChessBase"]
[SourceDate "2024.10.14"]
[SourceVersion "1"]
[SourceVersionDate "2024.10.14"]
[SourceQuality "1"]

1. e4 c5 2. Nf3 d6 3. d4 cxd4 4. Nxd4 Nf6 5. Nc3 g6 6. Be2 Nc6 7. Be3 h5 8. Nb3 Bg7 9. f3 Be6 10. Nd5 Bxd5 11. exd5 Ne5 12. 0-0 Rc8 13. Qd4 Rxc2 14. Bb5+ Kf8 15. Qxa7 Nxd5 16. Bd4 Nf4 17. Rf2 Rxf2 18. Bxf2 e6 19. Bg3 Bh6 20. Qxb7 h4 21. Bxf4 Bxf4 22. Qe4 Qg5 23. Bf1 d5 24. Qe2 Kg7 25. Kh1 Nc4 26. Nc5 Rc8 27. Nd3 Be3 28. b3 Nd6 29. Re1 Nf5 30. a4 Rh8 31. h3 0-1

[Event "Barcelona Sant Marti op-A 24th"]
[Site "Barcelona"]
[Date "2024.07.16"]
[Round "4"]
[White "Boggarapu, Kritan"]
[Black "Kallen, Jonas"]
[Result "0-1"]
[WhiteElo "1990"]
[BlackElo "2044"]
[PlyCount "150"]
[EventDate "2024.07.13"]
[EventType "swiss"]
[EventRounds "9"]
[EventCountry "ESP"]
[SourceTitle "CBM 221 Extra"]
[Source "ChessBase"]
[SourceDate "2024.09.30"]
[SourceVersion "1"]
[SourceVersionDate "2024.09.30"]
[SourceQuality "1"]

1. e4 e5 2. Nf3 Nc6 3. Bc4 Bc5 4. c3 Nf6 5. d3 a6 6. a4 d6 7. 0-0 h6 8. Re1 0-0 9. h3 Ba7 10. Nbd2 Ne7 11. Nf1 Ng6 12. Ng3 c6 13. Bb3 Be6 14. d4 Re8 15. Bc2 Qc7 16. a5 Rad8 17. Qe2 Bb8 18. Be3 Qc8 19. Rec1 d5 20. Nxe5 Nxe5 21. dxe5 Nxe4 22. Nxe4 dxe4 23. Bb6 Bc7 24. Qxe4 g6 25. Be3 Bf5 26. Qf3 h5 27. Bxf5 Qxf5 28. Qxf5 gxf5 29. g3 Bxe5 30. h4 f4 31. gxf4 Bf6 32. Kg2 Rd5 33. Rd1 Red8 34. Rxd5 Rxd5 35. Kg3 Kh7 36. Ra3 Kg6 37. Rb3 Rb5 38. Rxb5 axb5 39. Bd4 Be7 40. b4 Kf5 41. f3 Bd6 42. Be3 Ke6 43. Bd4 Kd5 44. Bf6 Bb8 45. Bd4 Kc4 46. Kf2 Kd3 47. Kg3 f5 48. Be5 Ba7 49. Bf6 Be3 50. Kg2 Bd2 51. Be7 Bxc3 52. Kf2 Bd2 53. Bc5 Kc4 54. Ke2 Bxb4 55. Bb6 Be7 56. Bf2 Bd8 57. Be1 b4 58. Kd1 Bxa5 59. Kc1 Bc7 60. Bg3 Kd3 61. Kb2 c5 62. Kb3 b5 63. Bf2 Bd6 64. Kb2 c4 65. Be1 b3 66. Bc3 Bxf4 67. Bf6 Be3 68. Kb1 c3 69. Bxc3 Kxc3 70. f4 Bxf4 71. Ka1 Be5 72. Kb1 f4 73. Ka1 f3 74. Kb1 f2 75. Ka1 f1R# 0-1

[Event "Barcelona Sant Marti op-A 24th"]
[Site "Barcelona"]
[Date "2024.07.14"]
[Round "2"]
[White "Kurup, Siddharth"]
[Black "Kallen, Jonas"]
[Result "1-0"]
[WhiteElo "1952"]
[BlackElo "2044"]
[PlyCount "73"]
[EventDate "2024.07.13"]
[EventType "swiss"]
[EventRounds "9"]
[EventCountry "ESP"]
[SourceTitle "CBM 221 Extra"]
[Source "ChessBase"]
[SourceDate "2024.09.30"]
[SourceVersion "1"]
[SourceVersionDate "2024.09.30"]
[SourceQuality "1"]

1. d4 Nf6 2. c4 g6 3. Nc3 d5 4. cxd5 Nxd5 5. e4 Nxc3 6. bxc3 Bg7 7. Bb5+ c6 8. Ba4 0-0 9. Nf3 c5 10. 0-0 Nc6 11. Bxc6 bxc6 12. Ba3 cxd4 13. Nxd4 Qc7 14. Qa4 Bd7 15. Qc4 Rfc8 16. Bc5 e5 17. Nb3 a5 18. Rfd1 Be6 19. Qa4 Bf8 20. Bxf8 Rxf8 21. Nc5 Rad8 22. Nxe6 fxe6 23. Qc4 Kf7 24. h3 Rd6 25. Qc5 Rfd8 26. Rxd6 Rxd6 27. Re1 Rd3 28. a4 Kg7 29. Rb1 Kf7 30. Kh2 Kg7 31. Rb5 Qf7 32. Qxe5+ Kh6 33. Rb2 g5 34. Rb7 Rxh3+ 35. Kxh3 Qh5+ 36. Kg3 Qh4+ 37. Kf3 1-0

[Event "Barcelona Sant Marti op-A 24th"]
[Site "Barcelona"]
[Date "2024.07.13"]
[Round "1"]
[White "Kallen, Jonas"]
[Black "Kshatriya, Nitin Vekhande"]
[Result "0-1"]
[WhiteElo "2044"]
[BlackElo "2292"]
[PlyCount "58"]
[EventDate "2024.07.13"]
[EventType "swiss"]
[EventRounds "9"]
[EventCountry "ESP"]
[SourceTitle "CBM 221 Extra"]
[Source "ChessBase"]
[SourceDate "2024.09.30"]
[SourceVersion "1"]
[SourceVersionDate "2024.09.30"]
[SourceQuality "1"]

1. e4 c5 2. Nf3 d6 3. d4 cxd4 4. Nxd4 Nf6 5. Nc3 g6 6. Be2 Bg7 7. 0-0 0-0 8. Be3 Nc6 9. Nb3 Be6 10. f4 Rc8 11. h3 a6 12. a4 a5 13. Kh1 Nb4 14. Nd4 Bc4 15. Bxc4 Rxc4 16. Qe2 Qc8 17. Rad1 Rxc3 18. bxc3 Nxe4 19. Qf3 Nxc3 20. Rd2 Nxa4 21. f5 Nb2 22. Bg5 Nc4 23. Rdd1 Qd7 24. f6 exf6 25. Bxf6 Bxf6 26. Qxf6 Nd5 27. Qg5 Nde3 28. Rde1 Nxf1 29. Rxf1 Ne5 0-1

[Event "Copenhagen Challenge"]
[Site "Ballerup"]
[Date "2010.??.??"]
[Round "8"]
[White "Molvig, Henrik"]
[Black "Kallen, Jonas"]
[Result "1-0"]
[WhiteElo "2193"]
[BlackElo "1893"]
[PlyCount "99"]
[EventDate "2010.04.28"]
[EventType "swiss"]
[EventRounds "9"]
[EventCountry "DEN"]
[SourceTitle "EXT 2018"]
[Source "ChessBase"]
[SourceDate "2017.10.13"]
[SourceVersion "1"]
[SourceVersionDate "2017.10.13"]
[SourceQuality "1"]

1. d4 d5 2. c4 c6 3. Nf3 Nf6 4. Nc3 e6 5. Bg5 h6 6. Bh4 dxc4 7. e4 g5 8. Bg3 b5 9. h4 g4 10. Ne5 h5 11. Be2 Bb7 12. 0-0 Nbd7 13. a3 Bh6 14. b3 cxb3 15. Qxb3 0-0 16. Rfd1 Qe7 17. Nc4 Nb6 18. Nd6 Rfd8 19. e5 Nfd5 20. Nce4 Nc8 21. f3 Be3+ 22. Kh1 Kh8 23. Nf6 Nxd6 24. exd6 Rxd6 25. Qd3 Nxf6 26. Qxe3 Rd5 27. Be5 Rxe5 28. dxe5 Nh7 29. g3 c5 30. Kh2 c4 31. fxg4 hxg4 32. Bxg4 Rg8 33. Bf3 Bxf3 34. Qxf3 Qc5 35. Re1 Rf8 36. Rad1 f6 37. Qe3 Qc6 38. Rd6 Qb7 39. Rxe6 a5 40. Rb6 Qd5 41. e6 Re8 42. e7 f5 43. Qe5+ Qxe5 44. Rxe5 c3 45. Rbxb5 Nf6 46. Rxf5 Kg7 47. Rbc5 Ne4 48. Rc7 c2 49. Rxc2 Rxe7 50. Re2 1-0

[Event "Copenhagen Challenge"]
[Site "Ballerup"]
[Date "2010.??.??"]
[Round "3"]
[White "Olsen, Aage Dalstrup"]
[Black "Kallen, Jonas"]
[Result "1-0"]
[WhiteElo "2095"]
[BlackElo "1893"]
[PlyCount "79"]
[EventDate "2010.04.28"]
[EventType "swiss"]
[EventRounds "9"]
[EventCountry "DEN"]
[SourceTitle "EXT 2018"]
[Source "ChessBase"]
[SourceDate "2017.10.13"]
[SourceVersion "1"]
[SourceVersionDate "2017.10.13"]
[SourceQuality "1"]

1. e4 e5 2. Nf3 Nc6 3. Bc4 Nf6 4. Ng5 d5 5. exd5 Na5 6. Bb5+ c6 7. dxc6 bxc6 8. Be2 h6 9. Nf3 e4 10. Ne5 Bd6 11. d4 exd3 12. Nxd3 0-0 13. 0-0 Qc7 14. h3 Ba6 15. b3 Rad8 16. Bb2 Nd5 17. Nd2 c5 18. c4 Nf4 19. Nxf4 Bxf4 20. Bc3 Rfe8 21. Bf3 Bxd2 22. Bxd2 Bxc4 23. Re1 Be6 24. Qc2 c4 25. Qc3 Nb7 26. Rac1 Nc5 27. Re3 cxb3 28. axb3 Qb6 29. Bd1 Qd6 30. Rg3 f6 31. Bxh6 Ne4 32. Rxg7+ Kh8 33. Qb2 Rg8 34. Bf3 Rxg7 35. Bxg7+ Kxg7 36. Bxe4 Rb8 37. Qa1 Qe7 38. Qa5 Rxb3 39. Rc7 Bd7 40. Bf5 1-0

[Event "Copenhagen Challenge"]
[Site "Ballerup"]
[Date "2010.??.??"]
[Round "5"]
[White "Petrovski, Petruli"]
[Black "Kallen, Jonas"]
[Result "0-1"]
[WhiteElo "1818"]
[BlackElo "1893"]
[PlyCount "86"]
[EventDate "2010.04.28"]
[EventType "swiss"]
[EventRounds "9"]
[EventCountry "DEN"]
[SourceTitle "EXT 2018"]
[Source "ChessBase"]
[SourceDate "2017.10.13"]
[SourceVersion "1"]
[SourceVersionDate "2017.10.13"]
[SourceQuality "1"]

1. Nf3 Nf6 2. g3 c5 3. Bg2 g6 4. 0-0 Bg7 5. d3 d5 6. c4 0-0 7. Na3 Nc6 8. Rb1 e5 9. cxd5 Nxd5 10. Nc2 h6 11. Ne3 Nce7 12. a3 Be6 13. Nc4 Nc6 14. e4 Nc7 15. b3 Nb5 16. Bb2 Qc7 17. Nh4 Qe7 18. a4 Nbd4 19. Nf3 Bg4 20. h3 Nxf3+ 21. Bxf3 Bxh3 22. Re1 h5 23. Ne3 Nb4 24. Bc3 Bh6 25. Nc4 Nc6 26. Bxh5 Rad8 27. Be2 Bg7 28. Qc2 Be6 29. Rbd1 Rd7 30. Kg2 Rfd8 31. Rh1 Nd4 32. Bxd4 Rxd4 33. Rh2 a6 34. Rdh1 b5 35. axb5 axb5 36. Nd2 c4 37. bxc4 bxc4 38. Nxc4 Bxc4 39. Qc1 Bxd3 40. Bxd3 Rxd3 41. f4 Rd2+ 42. Kf3 exf4 43. gxf4 R8d3+ 0-1

[Event "Zuerich op 12th"]
[Site "Zuerich"]
[Date "1988.??.??"]
[Round "5"]
[White "Arapovic, Vitomir"]
[Black "Kallen, Jonas"]
[Result "1-0"]
[WhiteElo "2370"]
[BlackElo "2030"]
[PlyCount "61"]
[EventDate "1988.12.26"]
[EventType "swiss"]
[EventRounds "7"]
[EventCountry "SUI"]
[SourceTitle "EXT 1997"]
[Source "ChessBase"]
[SourceDate "1996.11.15"]
[SourceVersion "1"]
[SourceVersionDate "1996.11.15"]
[SourceQuality "1"]

1. e4 e5 2. Nc3 Bc5 3. g3 Ne7 4. Bg2 a6 5. Nf3 d6 6. d4 exd4 7. Nxd4 Nbc6 8. Be3 Nxd4 9. Bxd4 Bxd4 10. Qxd4 0-0 11. 0-0-0 Nc6 12. Qd2 Be6 13. f4 f6 14. h3 Re8 15. g4 Qd7 16. Bf3 Kh8 17. Qg2 Rab8 18. h4 Bg8 19. g5 Qf7 20. Nd5 Na7 21. gxf6 gxf6 22. Rhg1 Rf8 23. Bh5 Qd7 24. Bg4 Qg7 25. Qf2 Bxd5 26. exd5 b6 27. Bc8 Qh6 28. Bxa6 Rbe8 29. Bd3 Nc8 30. Rde1 Ne7 31. Bb5 1-0